Kurumoch International Airport Destinations (Samara, Russia) - Statistics

General Stats
  • This quiz has been taken 12 times
    4 since last reset
  • The average score is 23 of 42
Answer Stats
Airline Destination % Correct
Red Wings Airlines Almaty
100%
flydubai Dubai (International)
100%
NordStar/S7 Airlines/Ural Airlines Moscow (Domodedovo)
100%
Aeroflot/Pobeda/Smartavia Moscow (Sheremetyevo)
100%
Pobeda/Utair Moscow (Vnukovo)
100%
Red Wings Airlines Moscow (Zhukovsky)
100%
Pobeda/Rossiya/Smartavia Saint Petersburg
100%
Air Cairo/AlMasria Universal Airlines/Azur Air/Rossiya Sharm El Sheikh
100%
Red Wings Airlines Tashkent
100%
Red Wings Airlines/Utair Yekaterinburg
100%
Somon Air/Ural Airlines Dushanbe
75%
AlMasria Universal Airlines/Rossiya Hurghada
75%
Red Wings Airlines Istanbul
75%
UVT Aero Kazan
75%
S7 Airlines Novosibirsk
75%
Ural Airlines Osh
75%
Aeroflot/Ikar/Nordwind Airlines/Pobeda/Smartavia/Ural Airlines Sochi
75%
Red Wings Airlines Tbilisi
75%
Red Wings Airlines/Rossiya Yerevan
75%
Red Wings Airlines Chelyabinsk
50%
Rossiya Krasnoyarsk (International)
50%
Red Wings Airlines Minsk
50%
Uzbekistan Airways Namangan
50%
Red Wings Airlines Nizhny Novgorod
50%
UVT Aero Perm
50%
Azur Air/Red Wings Airlines Phuket
50%
Air Arabia Sharjah
50%
Red Wings Airlines Barnaul
25%
Red Wings Airlines Batumi
25%
Nordwind Airlines Kaliningrad
25%
Ural Airlines Khujand
25%
Red Wings Airlines Makhachkala
25%
Utair Surgut
25%
Red Wings Airlines Tyumen
25%
Azimuth Yaroslavl
25%
Red Wings Airlines Hambantota (Mattala)
0%
Azimuth Mineralnye Vody
0%
Azimuth Nizhnevartovsk
0%
Red Wings Airlines/UVT Aero Novy Urengoy
0%
Azur Air Pattaya
0%
UVT Aero Tobolsk
0%
UVT Aero Usinsk
0%
No matching quizzes found
Score Distribution
Percent of People with Each Score
Percentile by Number Answered
Your Score History
You have not taken this quiz since the last reset